Elektronická záťaž

Na minha lista:
Detalhes bibliográficos
Autor principal: Gazda, Ján (Author)
Outros Autores: Benko, Peter (Thesis advisor)
Formato: Manuscrito Livro
Idioma:eslovaco
Publicado em: Bratislava : STU v Bratislave FEI, 2021
Assuntos:
Acesso em linha:https://opac.crzp.sk/?fn=detailBiblioForm&sid=CF9E62B1F4156FE3B82E0B84D7C8&seo=CRZP-detail-kniha
Tags: Adicionar Tag
Sem tags, seja o primeiro a adicionar uma tag!

MARC

LEADER 00000ntm a22000003a 4500
001 stuzp82517
003 SK-STU
005 20210817130614.0
007 ta
008 150427s2015----xo-----f-mn---000-0-slo-d
040 |a STU  |b slo 
041 0 |a slo 
044 |a xo 
100 1 |a Gazda, Ján  |u 033000  |4 aut  |U FEI Fakulta elektrotechniky a informatiky  |U FEI Fakulta elektrotechniky a informatiky  |T FEI Ústav elektroniky a fotoniky  |X 93161  |U E030  |Y 549  |7 93161 
242 0 1 |a Electronic Load  |y eng 
245 1 0 |a Elektronická záťaž 
260 |a Bratislava :  |b STU v Bratislave FEI,  |c 2021 
300 |a 60 s. 
650 4 |a elektronická záťaž  |2 slo 
650 4 |a režim konštantného prúdu  |2 slo 
650 4 |a režim konštantného napätia  |2 slo 
650 4 |a electronic load  |2 eng 
650 4 |a constant current mode  |2 eng 
650 4 |a constant voltage mode  |2 eng 
700 1 |a Benko, Peter  |u 033000  |k Z2  |4 ths  |U FEI Fakulta elektrotechniky a informatiky  |U FEI Fakulta elektrotechniky a informatiky  |T FEI Ústav elektroniky a fotoniky  |X 5148  |U E030  |Y 549  |7 A000005148 
856 4 |u https://opac.crzp.sk/?fn=detailBiblioForm&sid=CF9E62B1F4156FE3B82E0B84D7C8&seo=CRZP-detail-kniha